[Event "FRA-ch op-B"]
[Site "Val d'Isere"]
[Date "2002.??.??"]
[Round "2.5"]
[White "Cantero, Jorge"]
[Black "Le Francois, Jeremy"]
[Result "1-0"]
[WhiteElo "1790"]
[BlackElo "1980"]
[PlyCount "73"]
[EventDate "2002.08.20"]
[EventType "swiss"]
[EventRounds "11"]
[EventCountry "FRA"]
[SourceTitle "EXT 2003"]
[Source "ChessBase"]
[SourceDate "2002.11.25"]
[SourceVersion "1"]
[SourceVersionDate "2002.11.25"]
[SourceQuality "1"]

1. e4 c5 2. Nf3 d6 3. d4 cxd4 4. Nxd4 Nf6 5. Nc3 g6 6. Be3 Bg7 7. f3 0-0 8. Bc4 Nc6 9. Nxc6 bxc6 10. Qd2 Bb7 11. Rd1 Qc7 12. Bb3 d5 13. exd5 Nxd5 14. Nxd5 cxd5 15. c3 e6 16. 0-0 Ba6 17. Rfe1 Rfc8 18. Bd4 Bc4 19. Bxg7 Kxg7 20. Qd4+ Kg8 21. Bxc4 Qxc4 22. Qxc4 Rxc4 23. Kf2 Ra4 24. a3 Rb8 25. Re2 Kf8 26. Ke3 Ke7 27. Rd4 Rxd4 28. Kxd4 Kd6 29. c4 dxc4 30. Kxc4 e5 31. Rd2+ Kc6 32. b4 Re8 33. b5+ Kc7 34. a4 f5 35. Re2 Kb6 36. Rd2 Kc7 37. a5 1-0

[Event "FRA-ch op-B"]
[Site "Val d'Isere"]
[Date "2002.??.??"]
[Round "1.5"]
[White "Le Francois, Jeremy"]
[Black "Talamon, Jerome"]
[Result "1-0"]
[WhiteElo "1980"]
[BlackElo "1770"]
[PlyCount "97"]
[EventDate "2002.08.20"]
[EventType "swiss"]
[EventRounds "11"]
[EventCountry "FRA"]
[SourceTitle "EXT 2003"]
[Source "ChessBase"]
[SourceDate "2002.11.25"]
[SourceVersion "1"]
[SourceVersionDate "2002.11.25"]
[SourceQuality "1"]

1. e4 e6 2. d4 d5 3. Nc3 dxe4 4. Nxe4 Nd7 5. Nf3 Ngf6 6. Nxf6+ Nxf6 7. Bd3 c5 8. dxc5 Bxc5 9. 0-0 0-0 10. c3 b6 11. Qe2 Bb7 12. Rd1 Qc7 13. Ne5 Rad8 14. Bg5 Be7 15. Bxf6 Bxf6 16. Ng4 Be7 17. f3 Bc5+ 18. Nf2 Rfe8 19. Rd2 Kh8 20. Rad1 Bc6 21. Kh1 e5 22. Be4 Bd7 23. Qd3 g6 24. Bd5 Be6 25. Qe2 Bxd5 26. Rxd5 Bxf2 27. Qxf2 Rxd5 28. Rxd5 Rd8 29. Qd2 Rxd5 30. Qxd5 Kg7 31. Kg1 f6 32. c4 Kf8 33. Kf1 Ke7 34. Ke2 Qd7 35. Qg8 Kd6 36. b4 e4 37. Qd5+ Kc7 38. Qxd7+ Kxd7 39. fxe4 Kd6 40. Kd3 h6 41. Kd4 a6 42. g4 g5 43. h3 Kc6 44. e5 fxe5+ 45. Kxe5 a5 46. a3 b5 47. c5 a4 48. Ke6 Kc7 49. Kf6 1-0